00986nam a22002657a 45000010005000000030006000050050017000110080041000280200018000690400029000870500018001160820010001341000029001442450094001732500041002672600039003083000040003475050007003875200201003945210018005955210018006136500021006316500034006527000034006867366FISKH20250710154339.0250710b cb ||||| |||| 00| 0 eng d a9780763664268 aFISKHbengcFISKHdFISKH aPZ7.M478419 S a813.6 aMcDonald, Megand(1959-) aStink :bThe incredible shrinking kid /cMegan McDonald ; Illustrated by Peter H.Reynolds aThis edition first published in 2013 aMassachusetts :bCandlewick,c2005 a102 pages :billustrations ;c20 cm aN  aThe shortest kid in the second grade, James Moody, also known as Stink, learns all about the shortest president of the United States, James Madison, when they celebrate Presidents' Day at school. 8 a540 bLexile 8 aN bRaz-Plus  2BoysaGrowing up 2Realistic fictionaJudy Moody aH.Reynold, Peterdillustrator